• 首页
  • 本馆介绍
  • 公告通知
  • 最新文献
  • 馆藏检索
  • 电子资源
  • 读者导购
  • 参考咨询
  • 我的图书馆
  • 登录
  • 详细信息显示
  • 放入我的书架
  • 预约/预借图书
  • 作者相关作品
  • 分类相关作品
  • 丛书相关作品
  • 出版社相关作品

书目信息

  • 表格格式
  • 工作单格式
  • 卡片格式
题名:
化学化工网络信息资源检索与利用
    
 
作者: 钱树云 , 杨海平 主编
分册:  
出版信息: 南京   东南大学出版社  2005
页数: 243页
开本: 24cm
丛书名: 网络信息资源检索与利用系列丛书
单 册:
中图分类: G354.4
科图分类:
主题词: 化学工业--互联网络--情报检索 , 化学--互联网络--情报检索 , 化学工业 , 化学 , 互联网络 , 情报检索
电子资源:
ISBN: 7-5641-0073-7
000 01121oam2 2200325 450
001 012007259169
005 20070517102316.40
010    @a7-5641-0073-7@dCNY24.00
100    @a20070509d2005 km y0chiy0120 ea
101 0  @achi
102    @aCN@b320000
105    @ay z 000yy
106    @ar
200 1  @a化学化工网络信息资源检索与利用@Ahua xue hua gong wang luo xin xi zi yuan jian suo yu li yong@f钱树云,杨海平主编@Fqian shu yun,yang hai ping zhu bian
210    @a南京@c东南大学出版社@d2005
215    @a243页@d24cm
225 2  @a网络信息资源检索与利用系列丛书
330    @a本书内容细致地对化学化工领域的相关网络信息资源进行了搜集、筛选、分析、研究。全书共八章,包括网络信息概述、搜索引擎与网络信息资源导航等。
461  0 @12001 @a网络信息资源检索与利用系列丛书
606 0  @a化学工业@x互联网络@x情报检索
606 0  @a化学@x互联网络@x情报检索
606 0  @a化学工业
606 0  @a化学
606 0  @a互联网络
606 0  @a情报检索
690    @aG354.4@v4
701  0 @a钱树云@Aqian shu yun@4主编
701  0 @a杨海平@Ayang hai ping@4主编
801  0 @aCN@bRULIN@c20070517
905    @dG354.4@e109@s5
    
    化学化工网络信息资源检索与利用/钱树云,杨海平主编.-南京:东南大学出版社,2005
    243页;24cm.-(网络信息资源检索与利用系列丛书)
    
    
    ISBN 7-5641-0073-7:CNY24.00
    本书内容细致地对化学化工领域的相关网络信息资源进行了搜集、筛选、分析、研究。全书共八章,包括网络信息概述、搜索引擎与网络信息资源导航等。
●
相关链接 在E读中查询图书 在五车中查询图书 在当当中查询图书 在豆瓣中查询图书


正题名:化学化工网络信息资源检索与利用     索取号:G354.4/109         预约/预借

序号 登录号 条形码 馆藏地/架位号 状态 备注
1 0572887   205728872   第一样本阅览室/ [索取号:G354.4/109] 在馆    
2 0572888   205728881   第四借阅区/ [索取号:G354.4/109] 在馆    
3 0572889   205728890   第四借阅区/ [索取号:G354.4/109] 在馆    
4 0572890   205728907   第四借阅区/ [索取号:G354.4/109] 在馆    
5 0572891   205728916   第四借阅区/ [索取号:G354.4/109] 在馆    
唐山师范学院图书馆 欢迎您!
大连网信软件有限公司© 版权所有